Statystyki dla Afrykańskie Stolice (z mapą)

Kliknij tutaj aby rozwiązać quiz!

Ogólne statystyki

  • Ten quiz został rozwiązany 278 razy
  • Średni wynik to 160 z 196

Odpowiedzi na mapie

Odpowiedzi skodowane kolorowo w zielono-czerwonej skali na mapie do tego quizu, zgodnie z poniższymi procentami.
 

Statystyki odpowiedzi

stolica% Poprawnych
x
100%
Kair
72%
Tunis
66%
Rabat
64%
Pretoria
62%
Algier
61%
Antananarywa
52%
Dakar
52%
Trypolis
51%
Nairobi
50%
Addis Abeba
48%
Chartum
44%
Kinszasa
41%
Dżibuti
39%
Mogadiszu
39%
Abudża
38%
Luanda
37%
Akra
33%
Niamey
32%
Asmara
30%
Lusaka
30%
Maputo
30%
Brazzaville
29%
Ndżamena
29%
Victoria
29%
Bamako
28%
Dodoma
28%
Lomé
28%
Windhuk
28%
Dżuba
27%
Freetown
27%
Harare
27%
Kampala
26%
Kigali
25%
Konakry
25%
São Tomé
25%
Bissau
24%
Gaborone
24%
Mbabane
24%
Nawakszut
24%
Port Louis
24%
Wagadugu
24%
Bandżul
23%
Libreville
23%
Maseru
23%
Monrovia
23%
Jaunde
22%
Porto-Novo
22%
Jamusukro
21%
Lilongwe
21%
Bangi
20%
Malabo
20%
Moroni
19%
Praia
19%
Gitega
15%

Rozkład punktacji

Percentyl według liczby udzielonych odpowiedzi

Procent ludzi z każdym wynikiem

Twoja historia wyników

Nie rozwiązałeś tego quizu